O Manifesto Capitalista (Record no. 44257)
[ view plain ]
| 000 -Etiqueta do registo | |
|---|---|
| Valores | 00470nam a2200169 4500 |
| 100 ## - Dados gerais de processamento | |
| Dados gerais | 20250224 pory50 |
| 101 ## - Língua de publicação | |
| Língua | por |
| 102 ## - País de publicação | |
| País | Pt |
| 200 ## - Titulo e menção de responsabilidade | |
| Título próprio | O Manifesto Capitalista |
| Informação de outro título | o mercado livre global irá salvar o mundo Como? Porquê? |
| Primeira menção de responsabilidade | Johan Norberg |
| Outras menções de responsabilidade | trad. Sara Sousa Gomes |
| 210 ## - Publicação | |
| Local de publicação | Lisboa |
| Nome do editor | Guerrra e Paz |
| Data de publicação | 2024 |
| 215 ## - Descrição física | |
| Paginação / Volumes | 276 p. |
| 225 ## - Colecção | |
| Título próprio da colecção | Os Livros não se rendem |
| 675 ## - CDU | |
| Notação | 338 |
| 801 ## - Fonte de origem | |
| País | PT |
| Regras de catalogação | RPC |
| 990 ## - Elementos KOHA | |
| Tipo de documento | Livro |
| Aquisição | Empréstimo | Código de barras | Cota | Permissão de empréstimo | Tipo de documento |
|---|---|---|---|---|---|
| Biblioteca Municipal de Redondo | Biblioteca Municipal de Redondo | 052286 | 338 NOR | Livro |